<?xml version="1.0" encoding="UTF-8"?>
<record
    xmlns:xsi="http://www.w3.org/2001/XMLSchema-instance"
    xsi:schemaLocation="http://www.loc.gov/MARC21/slim http://www.loc.gov/standards/marcxml/schema/MARC21slim.xsd"
    xmlns="http://www.loc.gov/MARC21/slim">

  <leader>02160cam a2200361 i 4500</leader>
  <controlfield tag="001">0008046856</controlfield>
  <controlfield tag="003">OSt</controlfield>
  <controlfield tag="005">20260704115715.0</controlfield>
  <controlfield tag="008">250917s2025    quc      b    000 0 fre  </controlfield>
  <datafield tag="020" ind1=" " ind2=" ">
    <subfield code="a">9782897612801</subfield>
  </datafield>
  <datafield tag="020" ind1=" " ind2=" ">
    <subfield code="a">2897612800</subfield>
  </datafield>
  <datafield tag="040" ind1=" " ind2=" ">
    <subfield code="a">QMBN</subfield>
    <subfield code="b">fre</subfield>
    <subfield code="e">rda</subfield>
    <subfield code="c">QMBN</subfield>
    <subfield code="d">QMBND</subfield>
  </datafield>
  <datafield tag="050" ind1=" " ind2="4">
    <subfield code="a">GV847.7</subfield>
  </datafield>
  <datafield tag="082" ind1="0" ind2="4">
    <subfield code="a">796.962/648</subfield>
    <subfield code="b">R217c</subfield>
    <subfield code="2">23/fre/202510</subfield>
  </datafield>
  <datafield tag="082" ind1="0" ind2="5">
    <subfield code="a">796.9626 R217c</subfield>
    <subfield code="b">R217c</subfield>
    <subfield code="2">23/fre/202510</subfield>
  </datafield>
  <datafield tag="091" ind1="0" ind2=" ">
    <subfield code="a">796.962648</subfield>
  </datafield>
  <datafield tag="100" ind1="1" ind2=" ">
    <subfield code="a">Raphael, Kevin,</subfield>
    <subfield code="d">1992-</subfield>
    <subfield code="e">auteur</subfield>
  </datafield>
  <datafield tag="245" ind1="1" ind2="3">
    <subfield code="a">La coupe Stanley se raconte :</subfield>
    <subfield code="b">20 anecdotes sans restriction /</subfield>
    <subfield code="c">Kevin Raphael</subfield>
  </datafield>
  <datafield tag="264" ind1=" " ind2="1">
    <subfield code="a">Montr&#xEF;&#xBF;&#xBD;al (Qu&#xEF;&#xBF;&#xBD;bec) :</subfield>
    <subfield code="b">les &#xEF;&#xBF;&#xBD;ditions du Journal,</subfield>
    <subfield code="c">[2025]</subfield>
  </datafield>
  <datafield tag="300" ind1=" " ind2=" ">
    <subfield code="a">262 pages ;</subfield>
    <subfield code="c">22 cm</subfield>
  </datafield>
  <datafield tag="336" ind1=" " ind2=" ">
    <subfield code="a">texte</subfield>
    <subfield code="b">txt</subfield>
    <subfield code="2">rdacontent</subfield>
  </datafield>
  <datafield tag="337" ind1=" " ind2=" ">
    <subfield code="a">sans m&#xEF;&#xBF;&#xBD;diation</subfield>
    <subfield code="b">n</subfield>
    <subfield code="2">rdamedia</subfield>
  </datafield>
  <datafield tag="338" ind1=" " ind2=" ">
    <subfield code="a">volume</subfield>
    <subfield code="b">nc</subfield>
    <subfield code="2">rdacarrier</subfield>
  </datafield>
  <datafield tag="504" ind1=" " ind2=" ">
    <subfield code="a">Comprend des r&#xEF;&#xBF;&#xBD;f&#xEF;&#xBF;&#xBD;rences bibliographiques</subfield>
  </datafield>
  <datafield tag="520" ind1=" " ind2=" ">
    <subfield code="a">La coupe Stanley parle. Oui, LA coupe Stanley.
Et soyez-en certains, elle en a vu des vertes et des pas m&#xFB;res.
De la piscine de Patrick Roy &#xE0; une performance de Bob Bissonnette &#xE0; Boucherville, en passant par des vir&#xE9;es de parade au Thursday's, le troph&#xE9;e le plus mythique du hockey raconte ses souvenirs les plus croustillants.
Avec son humour inimitable, Kevin Raphael redonne vie &#xE0; ces histoires trop folles pour &#xEA;tre invent&#xE9;es. Anecdotes in&#xE9;dites, capsules surprenantes et clins d'&#x153;il aux exploits qu&#xE9;b&#xE9;cois : voici un livre aussi festif qu'un but en prolongation.
Un r&#xE9;cit unique, dr&#xF4;le et passionn&#xE9;, &#xE0; lire avec un sourire en coin... et peut-&#xEA;tre une p'tite frette &#xE0; la main.</subfield>
  </datafield>
  <datafield tag="650" ind1=" " ind2="6">
    <subfield code="a">Coupe Stanley</subfield>
    <subfield code="x">Histoire</subfield>
    <subfield code="v">Anecdotes</subfield>
  </datafield>
  <datafield tag="650" ind1=" " ind2="6">
    <subfield code="a">Joueurs de hockey</subfield>
    <subfield code="v">Anecdotes</subfield>
  </datafield>
  <datafield tag="655" ind1=" " ind2="7">
    <subfield code="a">Anecdotes</subfield>
    <subfield code="2">rvmgf</subfield>
  </datafield>
  <datafield tag="942" ind1=" " ind2=" ">
    <subfield code="2">ddc</subfield>
    <subfield code="c">DOC ADULTE</subfield>
  </datafield>
  <datafield tag="999" ind1=" " ind2=" ">
    <subfield code="c">18906</subfield>
    <subfield code="d">18906</subfield>
  </datafield>
  <datafield tag="952" ind1=" " ind2=" ">
    <subfield code="0">0</subfield>
    <subfield code="1">0</subfield>
    <subfield code="2">ddc</subfield>
    <subfield code="4">0</subfield>
    <subfield code="7">0</subfield>
    <subfield code="a">HENRYVILLE</subfield>
    <subfield code="b">HENRYVILLE</subfield>
    <subfield code="d">2026-06-27</subfield>
    <subfield code="l">0</subfield>
    <subfield code="o">796.9626 R217c</subfield>
    <subfield code="p">30001030039293</subfield>
    <subfield code="r">2026-06-27 09:36:02</subfield>
    <subfield code="w">2026-06-27</subfield>
    <subfield code="y">DOC ADULTE</subfield>
  </datafield>
</record>
